LEADER 02771nam 2200541 a 450 001 9910454601203321 005 20200520144314.0 010 $a1-282-27035-4 010 $a0-299-22043-5 010 $a9786612270352 035 $a(CKB)1000000000723251 035 $a(dli)HEB08760 035 $a(SSID)ssj0000194430 035 $a(PQKBManifestationID)11168242 035 $a(PQKBTitleCode)TC0000194430 035 $a(PQKBWorkID)10232058 035 $a(PQKB)11261943 035 $a(MiAaPQ)EBC3444802 035 $a(OCoLC)318248010 035 $a(MdBmJHUP)muse12313 035 $a(Au-PeEL)EBL3444802 035 $a(CaPaEBR)ebr10280008 035 $a(CaONFJC)MIL227035 035 $a(EXLCZ)991000000000723251 100 $a20060314d2006 uy 0 101 0 $aeng 135 $aurmnummmmuuuu 181 $ctxt 182 $cc 183 $acr 200 00$aLotman and cultural studies$b[electronic resource] $eencounters and extensions /$fedited by Andreas Scho?nle 210 $aMadison $cUniversity of Wisconsin Press$dc2006 215 $a1 online resource (ix, 383 p. ) $cill. ; 300 $aBibliographic Level Mode of Issuance: Monograph 311 $a0-299-22040-0 320 $aIncludes bibliographical references and index. 327 $aDante, Florenskii, Lotman : journeying then and now through medieval space / David Bethea -- Lotman's other : estrangement and ethics in culture and explosion / Amy Mandelker -- Pushkin's Anzhelo, Lotman's insight into it, and the proper measure of politics and grace / Caryl Emerson -- Post-soviet political discourse and the creation of political communities / Michael Urban -- State power, hegemony, and memory : Lotman and Gramsci / Marek Steedman -- The ever-tempting return to an Iranian past in the Islamic present : does Lotman's binarism help? / Kathryn Babayan -- The self, its bubbles, and illusions : cultivating autonomy in Greenblatt and Lotman / Andreas Scho?nle -- Lotman's Karamzin and the late soviet liberal intelligentsia / Andrei Zorin -- Iconic self-expression : bipolar asymmetry, indeterminacy, and creativity in cinema / Herbert Eagle -- Post-ing the soviet body as tabula phrasa and spectacle / Helena Goscilo -- Eccentricity and cultural semiotics in imperial Russia / Julie A. Buckler -- Writing in a polluted semiosphere : everyday life in Lotman, Foucault, and De Certeau / Jonathan H. Bolton -- Afterword : Lotman without tears. 410 0$aACLS Humanities E-Book. 608 $aElectronic books. 676 $a302.2092 701 $aScho?nle$b Andreas$0954757 801 0$bMiAaPQ 801 1$bMiAaPQ 801 2$bMiAaPQ 906 $aBOOK 912 $a9910454601203321 996 $aLotman and cultural studies$92159495 997 $aUNINA LEADER 00992nam a2200265 i 4500 001 991002118099707536 005 20020508190759.0 008 011107s1945 it ||| | ita 035 $ab10961902-39ule_inst 035 $aPARLA154820$9ExL 040 $aDip.to Scienze Storiche Fil. e Geogr.$bita 082 0 $a943.024092 100 1 $aWahl, Rudolph$0139434 245 10$aBarbarossa /$cRudolph Wahl ; traduzione dal tedesco di Giorgio Agosti 260 $aTorino :$bEinaudi,$c1945 300 $aVIII, 421 p., [7] c. di tav. :$bill. ;$c22 cm. 490 0 $aBiblioteca di cultura storica 600 04$aFederico$c$xBiografia 700 1 $aAgosti, Giorgio 907 $a.b10961902$b23-02-17$c28-06-02 912 $a991002118099707536 945 $aLE009 STOR.22-10$g1$i2009000149366$lle009$o-$pE0.00$q-$rn$so $t0$u0$v0$w0$x0$y.i11071400$z28-06-02 996 $aKaiser Friedrich Barbarossa$919816 997 $aUNISALENTO 998 $ale009$b01-01-01$cm$da $e-$fita$git $h0$i1